Statistiques concernant Culture Générale - Série 1899

Cliquez ici pour prendre le quiz!

Statistiques générales

  • Ce quiz a été pris 38 fois
  • Le résultat moyen est 2 sur 10

Statistiques - réponses

QuestionRéponse% Correct
Ce nom désigne en France une rivière, un département et une ville, et en Autriche une ville.Vienne
84%
Lorsqu'une personne est largement en tête d'une course ou d'une compétition, on dit qu'elle «...... en tête»caracole
38%
Quel mot latin désigne un manuel, guide, aide-mémoire que l'on garde sur soi pour le consulter ?vade-mecum
24%
Quel verbe signifie "éteindre une chandelle ou un cierge en pinçant la flamme" ?moucher
19%
Comment appelle-t-on un chat domestique qui est retourné à l'état sauvage ou semi-sauvage ?haret
14%
Quel fleuve prend sa source dans les "monts du géant" en République Tchèque ?Elbe
14%
Comment appelle-t-on le chaume laissé sur place après la moisson ?éteule
11%
Dans la mythologie grecque, qui est la mère de Minos - roi légendaire de Crète ?Europe
5%
Se dit d'un navire à voiles immobilisé par un temps calme, sans vent, ou à l'abri du vent.encalminé
5%
Quel est le nom de la Marie-Jeanne qui s'est jetée du pont de la Garonne, dans la chanson de Joe Dassin ?Guillaume
0%

Distribution des résultats

Percentile par nombre de réponses

% des personnes avec chaque résultat

Votre développement - résultats

Vous n’avez pas pris ce quiz